Online
Catalog

Venezuela siglo XX : (Record no. 14141)

MARC details
000 -CABECERA
campo de control de longitud fija 00921cam a2200277 a 4500
001 - NÚMERO DE CONTROL
campo de control 000014554
005 - FECHA Y HORA DE LA ÚLTIMA TRANSACCIÓN
campo de control 20200929163852.0
008 - DATOS DE LONGITUD FIJA--INFORMACIÓN GENERAL
campo de control de longitud fija 010117s2000 ve ab b 001 0 spa d
020 ## - NÚMERO INTERNACIONAL ESTÁNDAR DEL LIBRO
Número Internacional Estándar del Libro 9803790153
035 ## - NÚMERO DE CONTROL DEL SISTEMA
Número de control de sistema (BoCbEI)ei 0101M0186
040 ## - FUENTE DE LA CATALOGACIÓN
Centro catalogador/agencia de origen DO-SdBNP
Centro/agencia transcriptor DLC
Centro/agencia modificador DLC
-- BNPHU
043 ## - CÓDIGO DE ÁREA GEOGRÁFICA
Código de área geográfica s-ve-
082 ## - NÚMERO DE LA CLASIFICACIÓN DECIMAL DEWEY
Número de clasificación 987
Número de documento/Ítem V458s
049 ## - FONDOS LOCALES (OCLC)
Fondos de biblioteca BNGR
245 00 - MENCIÓN DE TÍTULO
Título Venezuela siglo XX :
Resto del título visiones y testimonios /
Mención de responsabilidad, etc. coordinación y edición al cuidado de Asdrúbal Baptista.
246 30 - FORMA VARIANTE DE TÍTULO
Título propio/Titulo breve Venezuela siglo 20
246 30 - FORMA VARIANTE DE TÍTULO
Título propio/Titulo breve Venezuela siglo veinte
260 ## - PUBLICACIÓN, DISTRIBUCIÓN, ETC.
Lugar de publicación, distribución, etc. Caracas :
Nombre del editor, distribuidor, etc. Fundacion Polar,
Fecha de publicación, distribución, etc. 2000.
300 ## - DESCRIPCIÓN FÍSICA
Extensión 3 v. :
Otras características físicas il. ;
Dimensiones 24 cm.
504 ## - NOTA DE BIBLIOGRAFÍA, ETC.
Nota de bibliografía, etc. Incluye notas y referencias bibliográficas al pie de las páginas.
500 ## - NOTA GENERAL
Nota general Incluye índice
651 #4 - PUNTO DE ACCESO ADICIONAL DE MATERIA--NOMBRE GEOGRÁFICO
Nombre geográfico Venezuela
Subdivisión general Historia
Subdivisión cronológica SIGLO XX
9 (RLIN) 5085
700 1# - PUNTO DE ACCESO ADICIONAL--NOMBRE DE PERSONA
Nombre de persona Baptista, Asdrúbal.
Término indicativo de función/relación ed.
9 (RLIN) 32942
710 2# - PUNTO DE ACCESO ADICIONAL--NOMBRE DE ENTIDAD CORPORATIVA
Nombre de entidad corporativa o nombre de jurisdicción como elemento de entrada Fundacion Polar.
9 (RLIN) 3571
910 ## - DATOS DE OPCIÓN DEL USUARIO (OCLC)
Datos de opción del usuario Catalogación derivada / LC
Holdings
Estado de retiro Estado de pérdida Restricciones de uso No para préstamo Código de colección Localización permanente Ubicación/localización actual Ubicación en estantería Fecha de adquisición Número de inventario Total de préstamos Signatura topográfica completa Código de barras Fecha visto por última vez Precio válido a partir de Tipo de ítem Koha
      Excluido de préstamo Monografías: Libros y Folletos General General En catalogación 14.01.2010 LF1   v.1 14554-10 25.06.2020 25.06.2020 No se presta
      Excluido de préstamo Monografías: Libros y Folletos General General En catalogación 14.01.2010 LF1   v.2 14554-20 25.06.2020 25.06.2020 No se presta
      Excluido de préstamo Monografías: Libros y Folletos General General En catalogación 14.01.2010 LF1   v.3 14554-30 25.06.2020 25.06.2020 No se presta

Powered by Koha